Desarrollo de la lectura y escritura en inglés como lengua extranjera a través de debates virtuales (Record no. 181127)

MARC details
000 -CABECERA
campo de control de longitud fija 01594nab a2200277 a 4500
005 - FECHA Y HORA DE LA ÚLTIMA TRANSACCIÓN
campo de control 20250812090433.0
008 - ELEMENTOS DE LONGITUD FIJA--INFORMACIÓN GENERAL
campo de control de longitud fija 991125c2015 ve fr p o 000 0 spa d
035 ## - NÚMERO DE CONTROL DEL SISTEMA
Número de control de sistema UPN01000209026
040 ## - FUENTE DE LA CATALOGACIÓN
Centro catalogador/agencia de origen MX-MxUPN
Lengua de catalogación spa
Centro/agencia transcriptor MX-MxUPN
Normas de descripción aacr2
049 ## - COLECCIÓN
Colección ART-E
100 1# - ASIENTO PRINCIPAL--NOMBRE PERSONAL
Nombre de persona Pérez, Teadira
100 1# - ASIENTO PRINCIPAL--NOMBRE PERSONAL
Filiación teadira@ula.ve
245 10 - MENCIÓN DE TÍTULO
Título Desarrollo de la lectura y escritura en inglés como lengua extranjera a través de debates virtuales
506 0# - NOTA DE RESTRICCIONES AL ACCESO
Limitaciones de acceso Acceso abierto
520 3# - NOTA DE RESUMEN, ETC.
Sumario, etc. La presente investigación, enmarcada bajo el paradigma cualitativo, tuvo como finalidad explorar el tipo de interacciones que se llevaron a cabo a través de foros de discusión en línea, como actividad complementaria de un curso de Lectura y Escritura, Inglés II. Estos foros, diseñados para generar debates virtuales, permitieron a los estudiantes interactuar con sus pares en inglés y discutir temas que derivaron de la lectura de textos o el visionado de videos controversiales en línea. Las actividades propuestas también facilitaron el trabajo colaborativo de manera que los estudiantes pudieron desarrollar la lectura y la escritura en inglés.
650 #4 - ASIENTO SECUNDARIO DE MATERIA - TERMINO TEMATICO
Término de materia o nombre geográfico como elemento de entrada Lectura
9 (RLIN) 13351
650 #4 - ASIENTO SECUNDARIO DE MATERIA - TERMINO TEMATICO
Término de materia o nombre geográfico como elemento de entrada Escritura
9 (RLIN) 13353
653 0# - TERMINO DE INDIZACION - NO CONTROLADO
Término no controlado Enseñanza del inglés
653 0# - TERMINO DE INDIZACION - NO CONTROLADO
Término no controlado Debate virtual
653 0# - TERMINO DE INDIZACION - NO CONTROLADO
Término no controlado Lengua extranjera
773 ## - ENLACE AL DOCUMENTO FUENTE/ENTRADA DE REGISTRO ANFITRIÓN
Parte(s) relacionada(s) Vol. 9, no. 1 (2015), p. 71-83
Título Eduweb : revista de tecnología de información y comunicación en educación
Número Internacional Normalizado para Publicaciones Seriadas 1856-7576
856 4# - LOCALIZACIÓN Y ACCESO ELECTRÓNICOS
Identificador Uniforme del Recurso <a href="https://revistaeduweb.org/index.php/eduweb/article/view/106">https://revistaeduweb.org/index.php/eduweb/article/view/106</a>
902 ## - ELEMENTOS DE DATOS B LOCAL, LDB (RLIN)
Creó Gloria Jiménez/120825
905 ## - TIPO DE MATERIAL
Tipo de material Articulo
942 ## - ELEMENTOS DE PUNTO DE ACCESO ADICIONAL (KOHA)
Tipo de ítem Koha Artículo Electrónico
Holdings
Estado de retiro Estado de pérdida Estado dañado No para préstamo Código de colección Localización permanente Ubicación/localización actual Ubicación en estantería Fecha de adquisición Total de préstamos Fecha visto por última vez Identificador Uniforme del Recurso Precio válido a partir de Tipo de ítem Koha
        Acceso abierto Bib. Gregorio Torres Quintero Bib. Gregorio Torres Quintero En línea 12/08/2025   12/08/2025 https://revistaeduweb.org/index.php/eduweb/article/view/106 12/08/2025 Artículo Electrónico